• 首页
  • 本馆介绍
  • 公告通知
  • 最新文献
  • 馆藏检索
  • 电子资源
  • 读者导购
  • 参考咨询
  • 我的图书馆
  • 登录
  • 详细信息显示
  • 放入我的书架
  • 预约/预借图书
  • 作者相关作品
  • 分类相关作品
  • 丛书相关作品
  • 出版社相关作品

书目信息

  • 表格格式
  • 工作单格式
  • 卡片格式
题名:
中国古代体育史简编
    
 
作者: 李季芳 主编
分册:  
出版信息: 北京   人民体育出版社  1984
页数: 312页
开本: 19cm
丛书名:
单 册:
中图分类: G812.92
科图分类:
主题词: 体育运动史--中国--古代
电子资源:
ISBN:
000 00624nam0 2200229 45
001 0184003114
005 20060810145818.67
010    @dCNY1.65
091    @aCN@b7015.2171
100    @a19950829d1984 emky0chiy0121 ea
101 0  @achi
102    @aCN@b110000
105    @af 000yy
200 10 @a中国古代体育史简编@Azhong guo gu dai ti yu shi jian bian@f李季芳主编
210    @a北京@c人民体育出版社@d1984
215    @a312页@c图@d19cm
606    @a体育运动史@y中国@z古代
690    @aG812.92@v3
701  0 @a李季芳@Ali ji fang@4主编
801  2 @aCN@bNLC@c20060810
801  0 @aCN@bTSSF
905    @a10447@dG812.92@e41
    
    中国古代体育史简编/李季芳主编.-北京:人民体育出版社,1984
    312页:图;19cm
    
    
    ISBN :CNY1.65
    
●
相关链接 在E读中查询图书 在五车中查询图书 在当当中查询图书 在豆瓣中查询图书


正题名:中国古代体育史简编     索取号:G812.92/41         预约/预借

序号 登录号 条形码 馆藏地/架位号 状态 备注
1 0448447   204484478   密集书库/ [索取号:G812.92/41] 在馆    
唐山师范学院图书馆 欢迎您!
大连网信软件有限公司© 版权所有